[Event "UKR-ch"]
[Site "Alushta"]
[Date "2009.05.19"]
[Round "9"]
[White "Mazurchak, Bogdan"]
[Black "Labensky, Igor"]
[Result "1-0"]
[WhiteElo "2164"]
[BlackElo "2304"]
[PlyCount "67"]
[EventDate "2009.05.11"]
[EventType "swiss"]
[EventRounds "9"]
[EventCountry "UKR"]
[SourceTitle "CBM 130 Extra"]
[Source "ChessBase"]
[SourceDate "2009.07.02"]
[SourceVersion "2"]
[SourceVersionDate "2009.07.15"]
[SourceQuality "1"]

1. e4 c5 2. c3 Nf6 3. e5 Nd5 4. d4 cxd4 5. cxd4 e6 6. Nc3 d6 7. Nf3 Nc6 8. Bd3 dxe5 9. dxe5 Ndb4 10. Be4 Qxd1+ 11. Kxd1 Na6 12. a3 Nc5 13. Bc2 a6 14. b4 Nd7 15. Bf4 b5 16. Ne4 h6 17. h4 Bb7 18. Ke2 Be7 19. g4 Rc8 20. Bd3 Nb6 21. Rac1 Na4 22. Rc2 h5 23. g5 0-0 24. Rhc1 Rfd8 25. g6 f6 26. exf6 gxf6 27. Ng3 e5 28. Be3 Nd4+ 29. Nxd4 exd4 30. Rxc8 Bxc8 31. Bxd4 Bg4+ 32. Ke3 f5 33. Nxf5 Rxd4 34. Nxe7+ 1-0

[Event "UKR-ch"]
[Site "Alushta"]
[Date "2009.05.14"]
[Round "4"]
[White "Labensky, Igor"]
[Black "Piliposyan, Mikael"]
[Result "0-1"]
[WhiteElo "2304"]
[BlackElo "1988"]
[PlyCount "76"]
[EventDate "2009.05.11"]
[EventType "swiss"]
[EventRounds "9"]
[EventCountry "UKR"]
[SourceTitle "CBM 130 Extra"]
[Source "ChessBase"]
[SourceDate "2009.07.02"]
[SourceVersion "2"]
[SourceVersionDate "2009.07.15"]
[SourceQuality "1"]

1. d4 d5 2. c4 c6 3. Nc3 Nf6 4. Nf3 dxc4 5. a4 Bf5 6. e3 e6 7. Bxc4 Bb4 8. 0-0 Nbd7 9. Qe2 Bg6 10. e4 Bxc3 11. bxc3 Nxe4 12. Ba3 Qc7 13. Qe3 c5 14. Bb5 0-0 15. Bxd7 Qxd7 16. Ne5 Qd5 17. c4 Qxd4 18. Qxd4 cxd4 19. Bxf8 Kxf8 20. Rfd1 Rd8 21. a5 f6 22. Nd3 e5 23. f3 Nc3 24. Rd2 Bxd3 25. Rxd3 Rc8 26. Rd2 Rxc4 27. Rb2 Rc7 28. Ra3 d3 29. Rab3 f5 30. Rd2 e4 31. Kf2 Nd5 32. Ke1 Nf4 33. fxe4 fxe4 34. Rf2 g5 35. Kd2 Rc2+ 36. Ke3 Re2+ 37. Rxe2 dxe2 38. Rb1 e1Q+ 0-1

[Event "UKR-chT 14th"]
[Site "Alushta"]
[Date "2007.04.27"]
[Round "8.3"]
[White "Kusnetsov, Sergey"]
[Black "Labensky, Igor"]
[Result "1-0"]
[WhiteElo "2344"]
[BlackElo "2382"]
[PlyCount "69"]
[EventDate "2007.04.22"]
[EventType "team-tourn"]
[EventRounds "9"]
[EventCountry "UKR"]
[SourceTitle "EXT 2019"]
[Source "ChessBase"]
[SourceDate "2018.10.10"]
[SourceVersion "1"]
[SourceVersionDate "2018.10.10"]
[SourceQuality "1"]
[WhiteTeam "Nikopol Nika-NZF"]
[BlackTeam "Rivne Bisons"]
[WhiteTeamCountry "UKR"]
[BlackTeamCountry "UKR"]

1. c4 g6 2. g3 Bg7 3. Bg2 c5 4. Nc3 Nc6 5. Nf3 e6 6. d4 cxd4 7. Nb5 d5 8. cxd5 Qa5+ 9. Nd2 Qxb5 10. dxc6 bxc6 11. a4 Qb7 12. Nc4 Qb4+ 13. Bd2 Qb8 14. Bxc6+ Bd7 15. Bxa8 Qxa8 16. 0-0 Qd5 17. Rc1 Ne7 18. Bb4 Nc8 19. Qc2 f5 20. Rfd1 h5 21. Nd2 Qb7 22. Ba3 Nb6 23. Qc7 Qa8 24. Nf3 Nd5 25. Qd6 h4 26. Rc7 Qd8 27. Rb7 hxg3 28. hxg3 Nb6 29. Ne5 Bxe5 30. Qxe5 Kf7 31. Rxd4 Rh7 32. Rd6 Kg8 33. Rbxd7 Nxd7 34. Qxe6+ Kh8 35. b3 1-0

[Event "UKR-chT 14th"]
[Site "Alushta"]
[Date "2007.04.26"]
[Round "6.1"]
[White "Romanchuk, Viktor"]
[Black "Labensky, Igor"]
[Result "1-0"]
[WhiteElo "2284"]
[BlackElo "2382"]
[PlyCount "79"]
[EventDate "2007.04.22"]
[EventType "team-tourn"]
[EventRounds "9"]
[EventCountry "UKR"]
[SourceTitle "EXT 2019"]
[Source "ChessBase"]
[SourceDate "2018.10.10"]
[SourceVersion "1"]
[SourceVersionDate "2018.10.10"]
[SourceQuality "1"]
[WhiteTeam "Cherkasy Etiud"]
[BlackTeam "Rivne Bisons"]
[WhiteTeamCountry "UKR"]
[BlackTeamCountry "UKR"]

1. d4 Nf6 2. c4 c5 3. Nf3 cxd4 4. Nxd4 e6 5. Nc3 Nc6 6. g3 Qb6 7. Nb3 Ne5 8. e4 Bb4 9. Qe2 Bxc3+ 10. bxc3 d6 11. f4 Ned7 12. e5 dxe5 13. fxe5 Ng8 14. Ba3 Ne7 15. 0-0-0 Nf5 16. Re1 h5 17. Bg2 Qa6 18. Bb4 Qa4 19. Na5 Nc5 20. Qd2 Na6 21. Rd1 Bd7 22. Bxb7 Nxb4 23. cxb4 Rb8 24. Qxd7+ Qxd7 25. Bc6 Qxc6 26. Nxc6 Rc8 27. b5 Ne7 28. Na5 a6 29. a4 0-0 30. Rd7 Ng6 31. Nc6 axb5 32. axb5 Ra8 33. Kb2 f6 34. Rf1 Nxe5 35. Nxe5 fxe5 36. Rxf8+ Kxf8 37. b6 e4 38. b7 Rb8 39. Rc7 e3 40. Kc2 1-0

[Event "UKR-ch KO 74th"]
[Site "Rivne"]
[Date "2005.08.25"]
[Round "1.2"]
[White "Brodsky, Michail"]
[Black "Labensky, Igor"]
[Result "1-0"]
[WhiteElo "2554"]
[BlackElo "2407"]
[PlyCount "75"]
[EventDate "2005.08.24"]
[EventType "k.o."]
[EventRounds "5"]
[EventCountry "UKR"]
[SourceTitle "CBM 109"]
[Source "ChessBase"]
[SourceDate "2005.11.14"]
[SourceVersion "1"]
[SourceVersionDate "2005.11.14"]
[SourceQuality "1"]

1. Nf3 c5 2. c4 g6 3. d4 Nf6 4. Nc3 Bg7 5. e4 d6 6. d5 0-0 7. Be2 b5 8. cxb5 a6 9. 0-0 axb5 10. Bxb5 Ba6 11. Qe2 Bxb5 12. Nxb5 Qb6 13. a4 Na6 14. Nd2 Nc7 15. Nc4 Qb7 16. Nxc7 Qxc7 17. Bg5 Rfb8 18. a5 Kf8 19. Ra4 Nd7 20. Rfa1 Ra7 21. Bf4 Qb7 22. h3 Qb5 23. Qc2 Ne5 24. Bxe5 Bxe5 25. a6 Bd4 26. Ra5 Qd7 27. R1a3 e6 28. Rb3 Re8 29. Ra1 exd5 30. exd5 Qd8 31. Rb7 Re7 32. Rb6 Red7 33. Rc6 Kg7 34. Qd2 Qf6 35. Re1 Qf5 36. Nxd6 Qxd5 37. Ne8+ Kf8 38. Qh6+ 1-0

[Event "UKR-ch"]
[Site "Simferopol"]
[Date "2003.11.12"]
[Round "9"]
[White "Kucherenko, Daniil"]
[Black "Labensky, Igor"]
[Result "1-0"]
[WhiteElo "2226"]
[BlackElo "2462"]
[PlyCount "55"]
[EventDate "2003.11.04"]
[EventType "swiss"]
[EventRounds "9"]
[EventCountry "UKR"]
[SourceTitle "CBM 097 Extra"]
[Source "ChessBase"]
[SourceDate "2004.01.13"]
[SourceVersion "1"]
[SourceVersionDate "2004.01.13"]
[SourceQuality "1"]

1. e4 c5 2. Nf3 d6 3. d4 cxd4 4. Nxd4 Nf6 5. Nc3 a6 6. f3 e6 7. Be3 Nc6 8. Qd2 Qc7 9. 0-0-0 Nxd4 10. Bxd4 e5 11. Be3 b5 12. Kb1 Bb7 13. g4 Be7 14. g5 b4 15. Ne2 Nd7 16. Ng3 g6 17. h4 a5 18. h5 Nb6 19. hxg6 fxg6 20. Bb5+ Bc6 21. Qe2 Rc8 22. Ba6 Rb8 23. f4 exf4 24. Bxf4 Nd7 25. Bc4 Ne5 26. Bxe5 dxe5 27. Nf5 gxf5 28. Qh5+ 1-0

[Event "UKR-ch"]
[Site "Simferopol"]
[Date "2003.11.11"]
[Round "8"]
[White "Ivanov, Andrey A"]
[Black "Labensky, Igor"]
[Result "1-0"]
[WhiteElo "2311"]
[BlackElo "2462"]
[PlyCount "127"]
[EventDate "2003.11.04"]
[EventType "swiss"]
[EventRounds "9"]
[EventCountry "UKR"]
[SourceTitle "CBM 097 Extra"]
[Source "ChessBase"]
[SourceDate "2004.01.13"]
[SourceVersion "1"]
[SourceVersionDate "2004.01.13"]
[SourceQuality "1"]

1. c4 c5 2. g3 g6 3. Bg2 Bg7 4. e3 Nc6 5. Ne2 Nh6 6. Nbc3 Nf5 7. a3 0-0 8. Rb1 d6 9. b4 Qd7 10. 0-0 Rb8 11. Ne4 cxb4 12. axb4 b5 13. cxb5 Rxb5 14. Qa4 Rb6 15. N4c3 e6 16. b5 Nb8 17. Ba3 Re8 18. Qa5 d5 19. Rfc1 Nd6 20. d3 Rb7 21. Nd4 Qd8 22. Qxd8 Rxd8 23. Nxd5 Bxd4 24. Bxd6 exd5 25. exd4 Bf5 26. Be5 Bxd3 27. Rb3 Bc4 28. Rb4 Rbd7 29. Bf1 Bxf1 30. Kxf1 Rb7 31. Ra4 Nd7 32. Rc7 Rxb5 33. Raxa7 Nxe5 34. dxe5 d4 35. Rxf7 Rxe5 36. Rg7+ Kf8 37. Rxh7 Kg8 38. Rag7+ Kf8 39. Rh8+ Kxg7 40. Rxd8 Re4 41. Kg2 Kf6 42. Kf3 Re5 43. Rxd4 Ra5 44. h4 Ra2 45. Rf4+ Kg7 46. Kg4 Ra5 47. Re4 Kf6 48. f4 Ra3 49. Re5 Kg7 50. h5 gxh5+ 51. Rxh5 Kg6 52. f5+ Kf6 53. Rh6+ Kg7 54. Rb6 Kh7 55. Kf4 Rc3 56. g4 Rc4+ 57. Kg5 Rc7 58. Rh6+ Kg7 59. f6+ Kg8 60. Rh1 Rc5+ 61. Kg6 Rc7 62. g5 Rg7+ 63. Kf5 Rb7 64. Rc1 1-0

[Event "UKR-chT 8th"]
[Site "Alushta"]
[Date "2000.04.16"]
[Round "7"]
[White "Salinnikov, Denis Y"]
[Black "Labensky, Igor"]
[Result "1/2-1/2"]
[WhiteElo "2403"]
[BlackElo "2367"]
[PlyCount "27"]
[EventDate "2000.04.10"]
[EventType "team-swiss"]
[EventRounds "9"]
[EventCountry "UKR"]
[SourceTitle "EXT 2019"]
[Source "ChessBase"]
[SourceDate "2018.10.10"]
[SourceVersion "1"]
[SourceVersionDate "2018.10.10"]
[SourceQuality "1"]
[WhiteTeam "Alushta Carbon"]
[BlackTeam "Rivne Polissia"]
[WhiteTeamCountry "UKR"]
[BlackTeamCountry "UKR"]

1. e4 c5 2. Nf3 d6 3. d4 cxd4 4. Nxd4 Nf6 5. Nc3 a6 6. g3 e5 7. Nde2 b5 8. Bg2 Bb7 9. 0-0 Be7 10. a4 b4 11. Nd5 Nxd5 12. exd5 a5 13. f4 Nd7 14. Be3 1/2-1/2

[Event "UKR-chT 8th"]
[Site "Alushta"]
[Date "2000.04.13"]
[Round "4"]
[White "Fish, Gennadij"]
[Black "Labensky, Igor"]
[Result "1-0"]
[WhiteElo "2471"]
[BlackElo "2367"]
[PlyCount "51"]
[EventDate "2000.04.10"]
[EventType "team-swiss"]
[EventRounds "9"]
[EventCountry "UKR"]
[SourceTitle "EXT 2019"]
[Source "ChessBase"]
[SourceDate "2018.10.10"]
[SourceVersion "1"]
[SourceVersionDate "2018.10.10"]
[SourceQuality "1"]
[WhiteTeam "Simferopol Cagliostro"]
[BlackTeam "Rivne Polissia"]
[WhiteTeamCountry "UKR"]
[BlackTeamCountry "UKR"]

1. d4 Nf6 2. c4 c5 3. d5 b5 4. cxb5 a6 5. bxa6 Bxa6 6. Nc3 g6 7. e4 Bxf1 8. Kxf1 d6 9. g3 Bg7 10. Kg2 0-0 11. Nf3 Nbd7 12. h3 Qa5 13. Re1 Rfb8 14. e5 dxe5 15. Nxe5 Nxe5 16. Rxe5 Ra7 17. Qf3 Ne8 18. Re2 Nd6 19. Bf4 Rb6 20. g4 Nc4 21. Rc1 Kf8 22. Bg5 Rbb7 23. Qf4 Nxb2 24. Rxe7 f5 25. Rxb7 Rxb7 26. Qd6+ 1-0

[Event "Rovno"]
[Site "Rovno"]
[Date "2000.??.??"]
[Round "4"]
[White "Kushch, Nikolai"]
[Black "Labensky, Igor"]
[Result "0-1"]
[WhiteElo "2400"]
[BlackElo "2367"]
[PlyCount "80"]
[EventDate "2000.01.20"]
[EventType "tourn"]
[EventRounds "15"]
[EventCountry "UKR"]
[EventCategory "8"]
[SourceTitle "CBM 076"]
[Source "ChessBase"]
[SourceDate "2000.05.31"]
[SourceVersion "1"]
[SourceVersionDate "2000.05.31"]
[SourceQuality "1"]

1. d4 Nf6 2. c4 e6 3. Nc3 Bb4 4. Qc2 0-0 5. a3 Bxc3+ 6. Qxc3 b6 7. Bg5 Bb7 8. f3 h6 9. Bh4 d5 10. e3 Re8 11. Nh3 Nbd7 12. cxd5 exd5 13. Bf2 c5 14. Bd3 cxd4 15. Qxd4 Nc5 16. Rd1 Nxd3+ 17. Qxd3 Qc8 18. b4 d4 19. Qxd4 Bxf3 20. gxf3 Qxh3 21. Ke2 Rac8 22. Rd2 Qh5 23. Rg1 Re5 24. Qb2 Ne4 25. Rc2 Rxc2+ 26. Qxc2 Nxf2 27. Kxf2 Qxh2+ 28. Rg2 Qh4+ 29. Ke2 Qd4 30. Qc8+ Kh7 31. Qf5+ Rxf5 32. exd4 h5 33. Ke3 h4 34. Rd2 Kg8 35. Ke4 Rh5 36. Kf4 h3 37. Kg3 Kf8 38. Kh2 Ke7 39. Re2+ Kd7 40. a4 a6 0-1

[Event "Rovno"]
[Site "Rovno"]
[Date "2000.??.??"]
[Round "1"]
[White "Labensky, Igor"]
[Black "Kasparov, Sergey"]
[Result "1-0"]
[WhiteElo "2367"]
[BlackElo "2465"]
[PlyCount "81"]
[EventDate "2000.01.20"]
[EventType "tourn"]
[EventRounds "15"]
[EventCountry "UKR"]
[EventCategory "8"]
[SourceTitle "CBM 076"]
[Source "ChessBase"]
[SourceDate "2000.05.31"]
[SourceVersion "1"]
[SourceVersionDate "2000.05.31"]
[SourceQuality "1"]

1. d4 d5 2. c4 e6 3. Nc3 Nf6 4. Nf3 Be7 5. cxd5 exd5 6. Bf4 c6 7. e3 0-0 8. Qc2 Bg4 9. Ne5 Bh5 10. Bd3 Nbd7 11. f3 Bg6 12. Nxg6 hxg6 13. g4 Nh7 14. Bg3 Re8 15. 0-0-0 Ndf8 16. h4 Bd6 17. Bf2 c5 18. Bb5 cxd4 19. Rxd4 Re6 20. Rxd5 Qe7 21. Kb1 Be5 22. Rd3 Qc5 23. e4 Qb4 24. Qb3 Qxb3 25. axb3 Rd6 26. Rxd6 Bxd6 27. Rd1 Be5 28. g5 a6 29. Bc4 Ne6 30. Bxe6 fxe6 31. Rd7 b5 32. Ne2 Rf8 33. Bd4 Bxd4 34. Nxd4 Re8 35. e5 Nf8 36. Rd6 a5 37. Nxb5 Kf7 38. Ra6 Rb8 39. Nd6+ Kg8 40. Kc2 Rb4 41. Nc4 1-0

[Event "Rovno"]
[Site "Rovno"]
[Date "2000.??.??"]
[Round "5"]
[White "Labensky, Igor"]
[Black "Lastin, Alexander"]
[Result "1/2-1/2"]
[WhiteElo "2367"]
[BlackElo "2510"]
[PlyCount "26"]
[EventDate "2000.01.20"]
[EventType "tourn"]
[EventRounds "15"]
[EventCountry "UKR"]
[EventCategory "8"]
[SourceTitle "CBM 076"]
[Source "ChessBase"]
[SourceDate "2000.05.31"]
[SourceVersion "1"]
[SourceVersionDate "2000.05.31"]
[SourceQuality "1"]

1. d4 d5 2. c4 c6 3. Nf3 Nf6 4. Nc3 dxc4 5. a4 Bf5 6. e3 e6 7. Bxc4 Bb4 8. 0-0 0-0 9. Qe2 Nbd7 10. e4 Bg6 11. Bd3 Bh5 12. h3 Bxf3 13. Qxf3 e5 1/2-1/2